000 01094nam0a22003251 4500
001 rc\2222420
005 20110826154250.5
035 _a(NLR Aleph) 006528551
090 _a6508187
_c6508187
100 _a20110826d1979 |||y0rusy50 ca
101 1 _arus
_cpol
102 _aRU
105 _aa z |||a|
200 1 _aНичейная земля
_eРоман
_fПеревод с пол. [Е. Невякина
_gПредисл. М. Игнатова
_gХудож. В.В. Кульков]
210 _aМосква
_cПрогресс
_d1979
215 _a299 с.
_cил.
_d21
606 _aДетективные романы и рассказы (х. л.)
_2psbo
686 _a84.4П
_2rubbk
686 _aШ5(4П)7-644
_2rubbk
700 1 _aСафьян
_bЗ.
_f1922-
_gЗбигнев
702 1 _aКульков
_bВ. В.
_4440
702 1 _aНевякин
_bЕ.
_4730
702 1 _aИгнатов
_bМ.
_4080
801 0 _aRU
_bNLR
_gpsbo
801 1 _aRU
_bELAR
_2rusmarc
852 _aNLR
_j79-3/5436
899 _aRuMoRGB
_jB 79-16/315
899 _aRuMoRGB
_jB 79-16/316
942 _cBOOK
980 _aNB